000
00281nam a22001217a 4500
005
20230718145707.0
008
230718b ||||| |||| 00| 0 eng d
040
_c
AL
041
_a
eng
245
_a
Mines act 1952
260
_a
Lucknow
_b
Eastern Book Co.
_c
2000
942
_2
ddc
_c
BK
999
_c
227963
_d
227963